| 000 | 00521nam a22001817a 4500 | ||
|---|---|---|---|
| 003 | CEME | ||
| 005 | 20210628203207.0 | ||
| 008 | 210122b xxu||||| |||| 00| 0 eng d | ||
| 020 | _a0-8493-9137-7 | ||
| 040 | _c. | ||
| 082 | _a621.381 MEM | ||
| 100 |
_aMohamed Gad-El-Hak, Gad-El-Hak , Mohamed _963897 |
||
| 245 | _aThe mems handbook, mems introduction and fumdamentals | ||
| 260 |
_aNEW YORK _bTAYLOR AND FRANCIS _c2006 |
||
| 300 | _aXVI,900P | ||
| 650 |
_aMICROELECTRONICS.NANOTECHNOLOGY _963898 |
||
| 942 |
_cBK _2ddc |
||
| 999 |
_c572587 _d572587 |
||